000 00697nam a22002657a 4500
001 24728
003 UA-OsUOA
005 20240527110557.0
007 ta
008 20040301b un ||||| |||| 00| 0 ukr d
020 _a966-7767-97-3
040 _aUA-OsUOA
_bukr
_cUA-OsUOA
_dUA-OsUOA
041 _aukr
044 _aUA
080 _a398(045.8)
090 _a398(045.8)
_bЛ22
100 _aЛановик М.Б.
_92905
245 _aУкраїнська усна народна творчість
_bпідручник
260 _aКиїв
_bЗнання-Прес
_c2003
300 _a591 с.
650 7 _2UDC
700 _aЛановик З.Б.
_92906
942 _cBK
_2udc
955 _a2
999 _c311010
_d311010